Systems approach to water management (Record no. 9165)

000 -LEADER
fixed length control field 00501nam a2200193 i 4500
001 - CONTROL NUMBER
control field 9165
003 - CONTROL NUMBER IDENTIFIER
control field BD-DhUET
008 - FIXED-LENGTH DATA ELEMENTS--GENERAL INFORMATION
fixed length control field 760716s1976 nyua b 001 0 eng
020 ## - INTERNATIONAL STANDARD BOOK NUMBER
International Standard Book Number 0070054800
040 ## - CATALOGING SOURCE
Original cataloging agency DLC
Transcribing agency DLC
Modifying agency BD-DhUET
082 00 - DEWEY DECIMAL CLASSIFICATION NUMBER
Classification number 333.91
Item number BIS/1976
100 ## - MAIN ENTRY--PERSONAL NAME
Personal name Biswas, Asit K.
245 00 - TITLE STATEMENT
Title Systems approach to water management
250 ## - EDITION STATEMENT
Edition statement 1st. ed.
260 ## - PUBLICATION, DISTRIBUTION, ETC. (IMPRINT)
Place of publication, distribution, etc. New York
Name of publisher, distributor, etc. McGraw-Hill
Date of publication, distribution, etc. 1976
300 ## - PHYSICAL DESCRIPTION
Extent xvii, 429 p.
Other physical details ill.
Dimensions 25 cm.
504 ## - BIBLIOGRAPHY, ETC. NOTE
Bibliography, etc Includes bibliographies
942 ## - ADDED ENTRY ELEMENTS (KOHA)
Koha item type Edited Book
Holdings
Koha full call number Price effective from Copy number Source of classification or shelving scheme Date acquired Koha item type Withdrawn status Shelving location Sublocation or collection (holding branch) Not for loan Lost status Damaged status Koha date last seen Location (home branch) Koha normalized classification for sorting Piece designation (barcode)
333.91/BIS/19762015-01-281 2015-01-28Edited Book Circulation sectionCentral Library, BUET   2015-01-28Central Library, BUET333_910000000000000_BIS_197653091
333.91/BIS/19762015-01-282 2015-01-28Edited Book Circulation sectionCentral Library, BUET   2015-01-28Central Library, BUET333_910000000000000_BIS_197650560
333.91/BIS/19762015-02-073 2015-02-07Edited Book Circulation sectionCentral Library, BUET   2015-02-07Central Library, BUET333_910000000000000_BIS_197650557
333.91/BIS/19762015-02-074 2015-02-07Edited Book Circulation sectionCentral Library, BUET   2015-02-07Central Library, BUET333_910000000000000_BIS_197650558